Une Experience De Dialogue, Les Centres D`Etude Chretiens En Monde Musulman (Record no. 9246)

MARC details
000 -LEADER
fixed length control field 00661nam a2200241 a 4500
020 ## - INTERNATIONAL STANDARD BOOK NUMBER
ISBN
082 00 - DEWEY DECIMAL CLASSIFICATION NUMBER
Classification number 291.172
Author Cutter LEV
100 ## - MAIN ENTRY--AUTHOR NAME
Author name Levart, Jacques
245 ## - TITLE STATEMENT
Title Une Experience De Dialogue, Les Centres D`Etude Chretiens En Monde Musulman
260 ## - PUBLICATION, DISTRIBUTION, ETC. (IMPRINT)
Place of publication Altenberge
Name of publisher Christlich-Islamisches Schriftum
Year of publication 1987
300 ## - PHYSICAL DESCRIPTION
Number of Pages 392p
500 ## - GENERAL NOTE
General note includes index and biblioraphy
505 2# - FORMATTED CONTENTS NOTE
Formatted contents note Index
650 ## - SUBJECT ADDED ENTRY--TOPICAL TERM
Topical Term Interfaith Dialogue-Christian Musli
942 ## - ADDED ENTRY ELEMENTS (KOHA)
Koha item type Books
700 1# -
-- Levart, Jacques
Holdings
Collection code Home library Current library Date acquired Cost, normal purchase price Full call number Accession Number Koha item type
  Henry Martyn Institute Library Henry Martyn Institute Library 07/17/2007 100.00 291.172 LEV 012785 Books
                   Copyright © 2026 | Henry Martyn Institute | Hyderabad | TS-500052 | INDIA | Implemented by hmi.edu.in
Hit-Count:

Powered by Koha